Capitales des Régions Françaises - Statistiques

Statistiques générales
  • Ce quiz a été pris 178 fois
  • Le résultat moyen est 16 sur 18
Statistiques - réponses
Région Réponse % Correct
Nouvelle-Aquitaine Bordeaux
100%
Provence-Alpes-Côte d'Azur (PACA) Marseille
100%
Île-de-France Paris
100%
Corse Ajaccio
99%
Hauts-de-France Lille
98%
Grand Est Strasbourg
98%
Occitanie Toulouse
98%
Auvergne-Rhône-Alpes Lyon
97%
Pays de la Loire Nantes
95%
Bretagne Rennes
94%
Bourgogne-Franche-Comté Dijon
90%
Normandie Rouen
86%
Centre-Val de Loire Orléans
85%
Martinique Fort-de-France
78%
La Réunion Saint-Denis
76%
Guyane Cayenne
74%
Guadeloupe Basse-Terre
57%
Mayotte Mamoudzou
54%
Aucun quiz correspondant
Distribution des résultats
% des personnes avec chaque résultat
Percentile par nombre de réponses
Votre historique - résultats
Vous n’avez pas pris ce quiz